The flamish school and the venetian school
Збережено в:
| Автори: | , , , , |
|---|---|
| Формат: | Книга |
| Мова: | Англійська |
| Опубліковано: |
Nueva York
Edwin F. Kalmus
1968
|
| Серія: | Kalmus Study Scores, 704
|
| Предмети: | |
| Теги: |
Додати тег
Немає тегів, Будьте першим, хто поставить тег для цього запису!
|
MARC
| LEADER | 00000nam a2200000 a 4500 | ||
|---|---|---|---|
| 001 | UCN3942 | ||
| 003 | CL-VaPUC | ||
| 008 | 010730e19680000US |||||||||||||||||eng|d | ||
| 082 | 0 | 4 | |a Mn780.9031 |b JAN |2 21 |
| 100 | 0 | |a Jannequin, Clemen |e author |9 460617 | |
| 700 | 0 | |a Papa, Clemens non |e author |9 460618 | |
| 700 | 0 | |a Arcadelt, Jacques |e author |9 460619 | |
| 700 | 0 | |a Gabrieli, Andrea |e author |9 460620 | |
| 700 | 0 | |a Gabrieli, Giovanni |e author |9 460621 | |
| 245 | 1 | 4 | |a The flamish school and the venetian school |
| 300 | |a 94 p | ||
| 942 | |c BK | ||
| 945 | |d 20010730 00:00:00 |a crobeson | ||
| 260 | |a Nueva York |b Edwin F. Kalmus |c 1968 | ||
| 650 | 7 | |a MUSICA RENACENTISTA - ANTOLOGIAS |2 CL-VaPUC |9 460622 | |
| 650 | 7 | |a POLIFONIA RENACENTISTA |2 CL-VaPUC |9 460623 | |
| 650 | 7 | |a ESCUELA FRANCO-FLAMENCA |2 CL-VaPUC |9 459576 | |
| 650 | 0 | |a Escuela Veneciana |9 460634 | |
| 650 | 0 | |a Misas |x Música vocal sacra |9 624726 | |
| 650 | 0 | |a Himnos |x Música vocal sacra |9 460626 | |
| 650 | 0 | |a Oratorios |x Música vocal sacra |9 460627 | |
| 583 | |a last modification |c 20010730 00:00:00 |k Rodrigo Vera | ||
| 490 | 0 | |a Kalmus Study Scores, 704 | |
| 999 | |c 296599 |d 296597 | ||
| 952 | |0 0 |1 0 |4 0 |6 MN_780_903100000000000_JAN_1968 |7 0 |8 R |9 350523 |a BIBEDU |b BIBEDU |d 2019-11-20 |i 1191772 |o Mn780.9031 JAN 1968 |p 1191772 |r 2023-11-22 |w 2019-11-20 |y BK_R |k MUS | ||
| 952 | |0 0 |1 0 |4 0 |6 MN_780_903100000000000_JAN_1968 |7 0 |8 R |9 350524 |a BIBEDU |b BIBEDU |d 2019-11-20 |i 1191780 |o Mn780.9031 JAN 1968 |p 1191780 |r 2023-11-22 |w 2019-11-20 |y BK_R |k MUS | ||